00499nam a2200157Ia 450000500170000000800410001708200130005810000170007124500360008826000750012430000120019965000100021194200060022195200990022799900150032620250320014411.0240331s9999 xx 000 0 und d bMOUa894 aMounaguru, C 0aKaala ottathinoode oru kavignan aMadrasbNational Art & Literary Association by South Asian Booksc1994 a96 p ., aPoems cL 001040708LaWERCLbWERCLcSSCd2024-03-31l0o 894.811 MOUp3287r2024-03-31w2024-03-31yL c4076d4076